[Event "Oberliga Sued W 2122"]
[Site "Germany"]
[Date "2022.05.01"]
[Round "9.5"]
[White "Kuehn, Bernd"]
[Black "Hoegener, Claude"]
[Result "1/2-1/2"]
[WhiteElo "2044"]
[BlackElo "2086"]
[PlyCount "90"]
[EventDate "2021.10.24"]
[EventType "team-tourn"]
[EventRounds "9"]
[EventCountry "GER"]
[SourceTitle "EXT 2023"]
[Source "ChessBase"]
[SourceDate "2022.10.05"]
[SourceVersion "1"]
[SourceVersionDate "2022.10.05"]
[SourceQuality "1"]
[WhiteTeam "Frankenthal"]
[BlackTeam "Altenkirchen"]
[WhiteTeamCountry "GER"]
[BlackTeamCountry "GER"]

1. d4 e6 2. c4 d5 3. Nc3 Nf6 4. Bg5 Be7 5. e3 0-0 6. Nf3 b6 7. cxd5 Nxd5 8. Bxe7 Nxe7 9. Bd3 h6 10. g4 Bb7 11. Rg1 f6 12. Qe2 Nd5 13. Nd2 Nxc3 14. bxc3 Qe7 15. a4 c5 16. h4 Nd7 17. g5 fxg5 18. hxg5 hxg5 19. Qh5 Nf6 20. Qxg5 cxd4 21. cxd4 Rac8 22. Rg3 Rc3 23. Qg6 Rfc8 24. Ke2 Rc1 25. Rxc1 Rxc1 26. Nf3 Bxf3+ 27. Kxf3 Qf7 28. Qxf7+ Kxf7 29. Bg6+ Ke7 30. Bd3 Kf7 31. Bg6+ Kf8 32. Rh3 Rc4 33. Rh8+ Ke7 34. a5 bxa5 35. Rb8 Rb4 36. Rc8 Nd7 37. Rc7 a6 38. Ra7 Kf6 39. Bd3 Nb8 40. Bxa6 Nc6 41. Ra8 Ke7 42. Bd3 Rb3 43. Ke2 Rb2+ 44. Kf3 Rb3 45. Ke2 Rb2+ 1/2-1/2

[Event "EU Small Countries ol 6th"]
[Site "San Marino"]
[Date "2019.03.26"]
[Round "4.3"]
[White "Hoegener, Claude"]
[Black "Dornbusch, Tatiana"]
[Result "0-1"]
[WhiteElo "2069"]
[BlackElo "2282"]
[PlyCount "150"]
[EventDate "2019.03.24"]
[EventType "team-tourn"]
[EventRounds "9"]
[EventCountry "SMR"]
[SourceTitle "CBM 189 Extra"]
[Source "ChessBase"]
[SourceDate "2019.06.03"]
[SourceVersion "1"]
[SourceVersionDate "2019.06.03"]
[SourceQuality "1"]
[WhiteTeam "Luxembourg"]
[BlackTeam "Monaco"]
[WhiteTeamCountry "LUX"]
[BlackTeamCountry "MNC"]

1. d4 Nf6 2. c4 c5 3. d5 b5 4. Nf3 e6 5. dxe6 fxe6 6. cxb5 d5 7. a4 Bd6 8. Bg5 0-0 9. g3 h6 10. Bxf6 Qxf6 11. Bg2 Qxb2 12. Nbd2 Nd7 13. 0-0 Qf6 14. e4 Bb7 15. exd5 exd5 16. Ne1 Be5 17. Rb1 Rad8 18. Nb3 Qd6 19. Nd3 c4 20. Na5 Ba8 21. Nb4 Nf6 22. Nac6 Rd7 23. Qc2 a5 24. Nxa5 Bd4 25. Nbc6 Bb6 26. Nxc4 dxc4 27. Qxc4+ Rdf7 28. a5 Bxc6 29. bxc6 Bxa5 30. Rfd1 Qe7 31. Rb7 Bc7 32. Bh3 Ne8 33. Be6 Nd6 34. Bxf7+ Rxf7 35. Qa6 Nxb7 36. cxb7 Rf8 37. Qc6 Qe2 38. Rf1 Bb8 39. Qd5+ Kh8 40. Qc5 Qf3 41. Qb6 Qa3 42. Qe6 Ba7 43. Qe2 Qb4 44. Qa6 Qc5 45. Qa2 Rb8 46. Rb1 Rxb7 47. Rxb7 Qc1+ 48. Kg2 Qc6+ 49. Kg1 Qxb7 50. Qe2 Qc6 51. Qe7 Bc5 52. Qd8+ Kh7 53. Qd3+ g6 54. Qe2 Qf6 55. Kg2 h5 56. h4 Qf5 57. Kg1 Qg4 58. Qe5 Qf5 59. Qe2 Kg7 60. Kg2 Qd5+ 61. Kg1 Kf6 62. Qb2+ Qe5 63. Qd2 Qxg3+ 64. Kf1 Qh3+ 65. Kg1 Qxh4 66. Qd8+ Be7 67. Qh8+ Kf5 68. Qc8+ Ke5 69. Qc3+ Qd4 70. Qc6 Qd1+ 71. Kh2 Bd6 72. Qe8+ Kf5+ 73. Kg2 Qd5+ 74. Kg1 Qe6 75. Qa8 Qe1+ 0-1

[Event "EU Small Countries ol 6th"]
[Site "San Marino"]
[Date "2019.03.25"]
[Round "2.2"]
[White "Hoegener, Claude"]
[Black "Apol, Luitjen Akselsson"]
[Result "1/2-1/2"]
[WhiteElo "2069"]
[BlackElo "1906"]
[PlyCount "68"]
[EventDate "2019.03.24"]
[EventType "team-tourn"]
[EventRounds "9"]
[EventCountry "SMR"]
[SourceTitle "CBM 189 Extra"]
[Source "ChessBase"]
[SourceDate "2019.06.03"]
[SourceVersion "1"]
[SourceVersionDate "2019.06.03"]
[SourceQuality "1"]
[WhiteTeam "Luxembourg"]
[BlackTeam "Faroe Islands"]
[WhiteTeamCountry "LUX"]
[BlackTeamCountry "FAI"]

1. d4 Nf6 2. Nf3 g6 3. Bg5 Bg7 4. Nbd2 d6 5. e3 0-0 6. Bxf6 Bxf6 7. h4 Nc6 8. h5 e5 9. d5 Ne7 10. Ne4 Bg7 11. Qd2 c6 12. dxc6 d5 13. cxb7 Bxb7 14. Nc5 Qb6 15. Na4 Qc7 16. hxg6 hxg6 17. Be2 Nf5 18. c3 Nd6 19. Rc1 Ne4 20. Qc2 Bc6 21. 0-0 Qa5 22. Bd1 Rab8 23. c4 Bxa4 24. Qxa4 Qxa4 25. Bxa4 Rxb2 26. cxd5 Rxa2 27. Bc6 Bf6 28. Ra1 Rc2 29. Rxa7 Kg7 30. Rb7 Nc3 31. g3 Rd8 32. Rb3 Nxd5 33. Bxd5 Rxd5 34. Rb4 Rc8 1/2-1/2

[Event "EU Small Countries ol 5th"]
[Site "Andorra"]
[Date "2017.11.13"]
[Round "3.5"]
[White "Aloma Vidal, Roberto"]
[Black "Hoegener, Claude"]
[Result "1-0"]
[WhiteElo "2440"]
[BlackElo "2118"]
[PlyCount "71"]
[EventDate "2017.11.12"]
[EventType "team-tourn"]
[EventRounds "9"]
[EventCountry "AND"]
[SourceTitle "CBM 181 Extra"]
[Source "ChessBase"]
[SourceDate "2017.12.12"]
[SourceVersion "1"]
[SourceVersionDate "2017.12.12"]
[SourceQuality "1"]
[WhiteTeam "Andorra"]
[BlackTeam "Luxembourg"]
[WhiteTeamCountry "AND"]
[BlackTeamCountry "LUX"]

1. d4 e6 2. c4 d5 3. Nc3 Nf6 4. Bg5 Be7 5. e3 0-0 6. Nf3 c6 7. Rc1 Nbd7 8. Bd3 h6 9. Bh4 b6 10. 0-0 Bb7 11. cxd5 cxd5 12. Qe2 Ne4 13. Bxe7 Qxe7 14. Bb5 Rfd8 15. Rc2 Nd6 16. Ba6 Nb8 17. Bxb7 Qxb7 18. Rfc1 Nd7 19. Nb5 Nxb5 20. Qxb5 Rac8 21. Qd3 a6 22. a4 b5 23. a5 Re8 24. h3 Red8 25. Qb3 Kh8 26. Ne1 Nf6 27. Nd3 Nd7 28. Rc3 Kg8 29. Qc2 Rxc3 30. Qxc3 Kf8 31. Kf1 Ke8 32. Ke2 Rb8 33. Nb4 Ra8 34. Qc2 Kf8 35. Qc6 Qxc6 36. Rxc6 1-0

[Event "Abu Dhabi op 24th"]
[Site "Abu Dhabi"]
[Date "2017.08.19"]
[Round "5"]
[White "Saim, Mohamed Ilias"]
[Black "Hoegener, Claude"]
[Result "1-0"]
[WhiteElo "2102"]
[BlackElo "2139"]
[PlyCount "49"]
[EventDate "2017.08.14"]
[EventType "swiss"]
[EventRounds "9"]
[EventCountry "UAE"]
[SourceTitle "CBM 180 Extra"]
[Source "ChessBase"]
[SourceDate "2017.10.06"]
[SourceVersion "1"]
[SourceVersionDate "2017.10.06"]
[SourceQuality "1"]

1. e4 e6 2. d3 d5 3. Nd2 Nf6 4. Ngf3 Be7 5. g3 b6 6. Bg2 Bb7 7. Qe2 c5 8. 0-0 Nc6 9. Re1 Qc7 10. c3 h6 11. a3 a5 12. Nf1 g5 13. h4 dxe4 14. dxe4 g4 15. N3h2 Ba6 16. Qc2 Ne5 17. Bf4 h5 18. Rad1 c4 19. Ne3 Qc5 20. Nd5 Nf3+ 21. Nxf3 exd5 22. Ng5 dxe4 23. Nxe4 Nxe4 24. Qxe4 Ra7 25. Bd6 1-0

[Event "Abu Dhabi op 24th"]
[Site "Abu Dhabi"]
[Date "2017.08.17"]
[Round "4"]
[White "Hoegener, Claude"]
[Black "Kulkarni, Vinayak"]
[Result "0-1"]
[WhiteElo "2139"]
[BlackElo "2204"]
[PlyCount "80"]
[EventDate "2017.08.14"]
[EventType "swiss"]
[EventRounds "9"]
[EventCountry "UAE"]
[SourceTitle "CBM 180 Extra"]
[Source "ChessBase"]
[SourceDate "2017.10.06"]
[SourceVersion "1"]
[SourceVersionDate "2017.10.06"]
[SourceQuality "1"]

1. d4 d5 2. c4 c6 3. Nc3 Nf6 4. Nf3 a6 5. cxd5 cxd5 6. e3 e6 7. Bd3 Bd6 8. 0-0 0-0 9. Ne5 b5 10. f4 Bb7 11. a3 Ne4 12. Nxe4 dxe4 13. Bc2 Nd7 14. Bd2 f6 15. Nxd7 Qxd7 16. Bb3 Kh8 17. Ba5 Rac8 18. Qg4 f5 19. Qe2 Bd5 20. Bxd5 exd5 21. Rfc1 Rc4 22. b3 Rc6 23. Qb2 Rfc8 24. Bd2 h6 25. Rxc6 Rxc6 26. Rc1 Qc7 27. Rxc6 Qxc6 28. Qc1 Qxc1+ 29. Bxc1 g5 30. g3 Kg7 31. Kg2 Kg6 32. Bb2 Be7 33. Bc1 Kh5 34. h3 Kg6 35. b4 h5 36. Bd2 h4 37. Be1 hxg3 38. Bxg3 Bd8 39. Bf2 Kh5 40. Bg3 a5 0-1

[Event "Pardubice op rap 25th"]
[Site "Pardubice"]
[Date "2014.07.17"]
[Round "8"]
[White "Hoegener, Claude"]
[Black "Korinek, Ondrej"]
[Result "0-1"]
[WhiteElo "2083"]
[BlackElo "2331"]
[PlyCount "128"]
[EventDate "2014.07.16"]
[EventType "swiss (rapid)"]
[EventRounds "9"]
[EventCountry "CZE"]
[SourceTitle "EXT 2015"]
[Source "ChessBase"]
[SourceDate "2014.11.20"]
[SourceVersion "1"]
[SourceVersionDate "2014.11.20"]
[SourceQuality "1"]

1. d4 d5 2. Nf3 Nf6 3. c3 c6 4. Bg5 Qb6 5. Qc2 Bg4 6. Nbd2 Nbd7 7. e3 Bh5 8. Bd3 Bg6 9. 0-0-0 e6 10. e4 Be7 11. e5 Ng8 12. h4 Bxd3 13. Qxd3 h6 14. Be3 Bf8 15. g4 Ne7 16. c4 Qa6 17. Kb1 Nb6 18. Rc1 dxc4 19. Nxc4 Nxc4 20. Rxc4 Nd5 21. Rhc1 Nb6 22. R4c3 Qxd3+ 23. Rxd3 Be7 24. Rb3 0-0-0 25. Rd3 Rd5 26. Rcd1 Rd7 27. Kc2 Nd5 28. a3 Kb8 29. Rh1 h5 30. g5 g6 31. Rhd1 Bd8 32. Nd2 Ne7 33. Ne4 Nf5 34. Rh1 Be7 35. Ng3 Ng7 36. f4 Rhd8 37. Rhd1 Rd5 38. Bf2 b6 39. Ne4 Kb7 40. Nc3 R5d7 41. Ne4 Nf5 42. Kc3 a5 43. R1d2 Ng7 44. Rd1 Ne8 45. Kc2 Nc7 46. Nc3 b5 47. Ne2 Nd5 48. Bg3 c5 49. Nc3 c4 50. Rf3 Nc7 51. Rf2 Rxd4 52. Rxd4 Rxd4 53. Ne2 Rd7 54. Nc3 Kc6 55. Re2 Nd5 56. Ne4 b4 57. axb4 axb4 58. Re1 Ra7 59. Nd2 Kb5 60. Nf3 Bc5 61. Rb1 Ra2 62. Nd2 Ne3+ 63. Kc1 Nf5 64. Be1 Be3 0-1

[Event "Pardubice op rap 25th"]
[Site "Pardubice"]
[Date "2014.07.16"]
[Round "2"]
[White "Hoegener, Claude"]
[Black "Novotny, Michal"]
[Result "0-1"]
[WhiteElo "2083"]
[BlackElo "2354"]
[PlyCount "86"]
[EventDate "2014.07.16"]
[EventType "swiss (rapid)"]
[EventRounds "9"]
[EventCountry "CZE"]
[SourceTitle "EXT 2015"]
[Source "ChessBase"]
[SourceDate "2014.11.20"]
[SourceVersion "1"]
[SourceVersionDate "2014.11.20"]
[SourceQuality "1"]

1. d4 e6 2. Nf3 d5 3. c3 c5 4. Qc2 Nc6 5. a3 Bd7 6. Bg5 Qb6 7. e3 Rc8 8. Bd3 h6 9. Bf4 c4 10. Be2 Na5 11. Nbd2 Nb3 12. Rb1 Ba4 13. 0-0 Nf6 14. e4 Be7 15. exd5 exd5 16. Rfe1 0-0 17. Bf1 Rfe8 18. Qf5 Bd7 19. Qc2 a5 20. Ne5 a4 21. Nxd7 Nxd7 22. Nxb3 axb3 23. Qf5 Qc6 24. Be2 Nb6 25. Bf3 Bf8 26. h4 Rxe1+ 27. Rxe1 Re8 28. Rxe8 Qxe8 29. Qb1 Qe6 30. Bc7 Na4 31. Bf4 Bxa3 32. bxa3 Nxc3 33. Qc1 Na2 34. Qb2 Qf5 35. Be3 b5 36. Bd1 Qd3 37. Bf3 Qc2 38. Qxc2 bxc2 39. Bxd5 c1Q+ 40. Bxc1 Nxc1 41. Kf1 Nb3 42. a4 bxa4 43. Bxc4 Nd2+ 0-1

[Event "Pardubice op rap 25th"]
[Site "Pardubice"]
[Date "2014.07.16"]
[Round "3"]
[White "Stary, Lukas"]
[Black "Hoegener, Claude"]
[Result "0-1"]
[WhiteElo "1929"]
[BlackElo "2083"]
[PlyCount "106"]
[EventDate "2014.07.16"]
[EventType "swiss (rapid)"]
[EventRounds "9"]
[EventCountry "CZE"]
[SourceTitle "EXT 2015"]
[Source "ChessBase"]
[SourceDate "2014.11.20"]
[SourceVersion "1"]
[SourceVersionDate "2014.11.20"]
[SourceQuality "1"]

1. c4 Nf6 2. Nf3 e6 3. b3 d5 4. Bb2 Be7 5. e3 0-0 6. Be2 b6 7. 0-0 Bb7 8. d4 c5 9. Nc3 dxc4 10. bxc4 cxd4 11. exd4 Nc6 12. d5 exd5 13. cxd5 Na5 14. Qd4 Bxd5 15. Nxd5 Qxd5 16. Rfd1 Qxd4 17. Nxd4 Bc5 18. Nb3 Nxb3 19. axb3 Ne4 20. Bd4 Bxd4 21. Rxd4 Nc5 22. Rb1 Rfd8 23. Rxd8+ Rxd8 24. b4 Ne6 25. g3 Kf8 26. Kg2 Ke7 27. Ra1 Rd7 28. Bg4 Rc7 29. Bxe6 Kxe6 30. Re1+ Kd5 31. Rd1+ Kc6 32. Rc1+ Kb7 33. Rb1 Ka6 34. b5+ Kb7 35. Rb4 a5 36. bxa6+ Kxa6 37. Ra4+ Kb7 38. Kf3 b5 39. Rb4 Kb6 40. Ke3 Rd7 41. h4 Kc5 42. Rb1 b4 43. Rc1+ Kb5 44. Rb1 Ka4 45. Ra1+ Kb3 46. Rb1+ Kc3 47. Rc1+ Kb2 48. Rc5 b3 49. Rc8 Kb1 50. g4 b2 51. Rb8 Ra7 52. Kd2 Ka1 53. Kc2 Rc7+ 0-1

[Event "Pardubice op rap 25th"]
[Site "Pardubice"]
[Date "2014.07.16"]
[Round "1"]
[White "Vrana, Jan"]
[Black "Hoegener, Claude"]
[Result "1-0"]
[WhiteElo "2374"]
[BlackElo "2083"]
[PlyCount "43"]
[EventDate "2014.07.16"]
[EventType "swiss (rapid)"]
[EventRounds "9"]
[EventCountry "CZE"]
[SourceTitle "EXT 2015"]
[Source "ChessBase"]
[SourceDate "2014.11.20"]
[SourceVersion "1"]
[SourceVersionDate "2014.11.20"]
[SourceQuality "1"]

1. e4 e6 2. d4 d5 3. Nd2 Nf6 4. e5 Nfd7 5. Bd3 c5 6. c3 Nc6 7. Ne2 cxd4 8. cxd4 f6 9. exf6 Nxf6 10. Nf3 Qc7 11. 0-0 Bd6 12. g3 0-0 13. Bf4 e5 14. dxe5 Nxe5 15. Nxe5 Bxe5 16. Rc1 Qd6 17. Qd2 Bh3 18. Rfe1 Ng4 19. Bb1 g5 20. Bxe5 Nxe5 21. Qxg5+ Kh8 22. Nd4 1-0

[Event "Pardubice op rap 24th"]
[Site "Pardubice"]
[Date "2013.07.18"]
[Round "6"]
[White "Duda, A."]
[Black "Hoegener, Claude"]
[Result "0-1"]
[WhiteElo "2041"]
[BlackElo "2047"]
[PlyCount "77"]
[EventDate "2013.07.17"]
[EventType "swiss (rapid)"]
[EventRounds "9"]
[EventCountry "CZE"]
[SourceTitle "CBM 155 Extra"]
[Source "ChessBase"]
[SourceDate "2013.08.26"]
[SourceVersion "1"]
[SourceVersionDate "2013.08.26"]
[SourceQuality "1"]

1. e4 e6 2. d4 d5 3. Nc3 Nf6 4. e5 Nfd7 5. f4 c5 6. Nf3 Nc6 7. Be3 cxd4 8. Nxd4 Bc5 9. Qd2 a6 10. Qf2 Nxd4 11. Bxd4 Qe7 12. 0-0-0 b5 13. h4 Bb7 14. h5 Rc8 15. g3 Nb6 16. Bh3 b4 17. Ne2 a5 18. Kb1 a4 19. f5 Ba6 20. Nf4 Bxd4 21. Qxd4 Rc6 22. Rh2 Bc8 23. Bf1 Nc4 24. h6 g6 25. Nxd5 exd5 26. e6 f6 27. Bg2 Ne5 28. Bxd5 Rd6 29. Qxb4 0-0 30. Qxd6 Qxd6 31. e7+ Kh8 32. exf8Q+ Qxf8 33. Be6 gxf5 34. Bxc8 Qxc8 35. Rhd2 Nf7 36. Rd7 Kg8 37. Ra7 Ne5 38. Rad7 Nf7 39. Ra7 0-1

[Event "Baden-Baden Grenke op 1st"]
[Site "Baden-Baden"]
[Date "2013.02.12"]
[Round "6"]
[White "Magar, Johannes"]
[Black "Hoegener, Claude"]
[Result "0-1"]
[WhiteElo "2075"]
[BlackElo "2059"]
[PlyCount "81"]
[EventDate "2013.02.07"]
[EventType "swiss"]
[EventRounds "9"]
[EventCountry "GER"]
[SourceTitle "CBM 152 Extra"]
[Source "ChessBase"]
[SourceDate "2013.02.25"]
[SourceVersion "1"]
[SourceVersionDate "2013.02.25"]
[SourceQuality "1"]

1. e4 e6 2. d4 d5 3. e5 c5 4. c3 Nc6 5. Nf3 Bd7 6. Be2 cxd4 7. cxd4 Nh6 8. Bxh6 gxh6 9. Nc3 a6 10. a3 Qb6 11. b4 Nxb4 12. Rb1 Qc7 13. Qb3 Rc8 14. Rc1 Nc6 15. 0-0 Qa5 16. Na4 b5 17. Nc5 Nxd4 18. Nxd4 Bxc5 19. Rxc5 Rxc5 20. Qe3 Qc3 21. Qf4 Rf8 22. Rd1 Qxa3 23. Qxh6 Rc7 24. Bh5 Qe7 25. f4 Kd8 26. Qxh7 Rc4 27. Be2 f5 28. Qh3 Rxd4 29. Rxd4 Qc5 30. Qd3 a5 31. h4 a4 32. Bd1 b4 33. Kh2 b3 34. Bxb3 axb3 35. Qd2 Ke7 36. Rb4 Qc2 37. Qd4 Rg8 38. Qg1 b2 39. h5 Qd2 40. Rb7 Qxf4+ 41. g3 0-1

[Event "Baden-Baden Grenke op 1st"]
[Site "Baden-Baden"]
[Date "2013.02.10"]
[Round "4"]
[White "Feiler, Juergen"]
[Black "Hoegener, Claude"]
[Result "1-0"]
[WhiteElo "2138"]
[BlackElo "2059"]
[PlyCount "59"]
[EventDate "2013.02.07"]
[EventType "swiss"]
[EventRounds "9"]
[EventCountry "GER"]
[SourceTitle "CBM 152 Extra"]
[Source "ChessBase"]
[SourceDate "2013.02.25"]
[SourceVersion "1"]
[SourceVersionDate "2013.02.25"]
[SourceQuality "1"]

1. d4 Nf6 2. c4 e6 3. g3 Be7 4. Bg2 d5 5. Nf3 0-0 6. 0-0 c6 7. Nc3 Nbd7 8. b3 b6 9. Qc2 Bb7 10. Rd1 Rc8 11. e4 dxe4 12. Nxe4 Nxe4 13. Qxe4 Nf6 14. Qe2 Qc7 15. Bf4 Bd6 16. Ne5 Qe7 17. g4 Rfd8 18. Rd3 c5 19. g5 Ne8 20. Bxb7 Qxb7 21. d5 Bxe5 22. Qxe5 exd5 23. Rxd5 Rxd5 24. cxd5 Qd7 25. d6 Rd8 26. Re1 f6 27. Qd5+ Kh8 28. f3 Nc7 29. Qb7 Re8 30. Rf1 1-0

[Event "Luxembourg-chT 1314"]
[Site "Luxembourg"]
[Date "2013.??.??"]
[Round "2"]
[White "Spartz, Guy"]
[Black "Hoegener, Claude"]
[Result "1/2-1/2"]
[WhiteElo "1922"]
[BlackElo "2089"]
[PlyCount "97"]
[EventDate "2013.10.05"]
[EventType "team-tourn"]
[EventRounds "10"]
[EventCountry "LUX"]
[SourceTitle "EXT 2017"]
[Source "ChessBase"]
[SourceDate "2016.10.25"]
[SourceVersion "1"]
[SourceVersionDate "2016.10.25"]
[SourceQuality "1"]

1. e4 e6 2. d4 d5 3. exd5 exd5 4. Nf3 Nf6 5. Be2 h6 6. Bf4 Bd6 7. Bxd6 Qxd6 8. Qd3 0-0 9. Nbd2 b6 10. Ne5 c5 11. 0-0-0 Ba6 12. c4 Re8 13. f4 cxd4 14. Qxd4 Nc6 15. Nxc6 Rxe2 16. Ne5 Rc8 17. Kb1 Qb4 18. a3 Qa4 19. Qd3 dxc4 20. Qxe2 c3 21. Ndc4 cxb2 22. Qc2 Qxc2+ 23. Kxc2 Bxc4 24. Kxb2 Bd5 25. Rd2 Rc5 26. a4 Ne4 27. Rd4 Nf6 28. Rg1 Be4 29. g4 g5 30. fxg5 hxg5 31. Nd7 Rc2+ 32. Kb3 Nxd7 33. Rxd7 a6 34. Re1 Bg6 35. h3 Rh2 36. Re3 Rh1 37. Ra7 Rb1+ 38. Kc4 b5+ 39. axb5 axb5+ 40. Kc5 Rc1+ 41. Kxb5 Kg7 42. Ra6 Rd1 43. Kc5 Kh6 44. Rd6 Ra1 45. Kd4 Rf1 46. Ke5 Rf2 47. Rf6 Rb2 48. Rd6 Rf2 49. Rd8 1/2-1/2

[Event "London Classic op 4th"]
[Site "London"]
[Date "2012.12.09"]
[Round "9"]
[White "Willmoth, Robert"]
[Black "Hoegener, Claude"]
[Result "0-1"]
[WhiteElo "2164"]
[BlackElo "2037"]
[PlyCount "126"]
[EventDate "2012.12.01"]
[EventType "swiss"]
[EventRounds "9"]
[EventCountry "ENG"]
[SourceTitle "EXT 2014"]
[Source "ChessBase"]
[SourceDate "2013.11.20"]
[SourceVersion "1"]
[SourceVersionDate "2013.11.20"]
[SourceQuality "1"]

1. Nf3 d5 2. b3 Nf6 3. Bb2 e6 4. e3 Be7 5. g3 b6 6. Bg2 Bb7 7. 0-0 0-0 8. d4 Nbd7 9. Nbd2 c5 10. c4 Rc8 11. Rc1 dxc4 12. bxc4 Qc7 13. Qc2 Rfd8 14. Rfd1 h6 15. Nb3 Be4 16. Qe2 Qb7 17. Ne1 Qa6 18. Bh3 Ba8 19. Ba1 cxd4 20. exd4 Bd5 21. Bf1 Ba8 22. Nd3 Ba3 23. Rc2 Qa4 24. f4 Rxc4 25. Nb2 Qc6 26. Nxc4 Qh1+ 27. Kf2 Bb4 28. Nbd2 Qxh2+ 29. Ke1 Qxg3+ 30. Qf2 Qg6 31. Rb2 Be7 32. Rb3 Ng4 33. Qg3 Qh5 34. Nf3 Bd5 35. Bh3 f5 36. Ncd2 Ndf6 37. Rbb1 Qe8 38. Bxg4 Nxg4 39. Ne5 Qh5 40. Ndf3 Nxe5 41. dxe5 Bxf3 42. Rxd8+ Bxd8 43. Kd2 Bh4 44. Qg1 Be4 45. Rb3 Be7 46. Bd4 Qe8 47. Rg3 Bf8 48. Qc1 Qa4 49. Qb2 Qc4 50. Ke3 Be7 51. Qe2 Qa4 52. Qb2 Qd1 53. Qd2 Qb1 54. Ke2 Bh4 55. Rg1 Qb5+ 56. Ke3 Bc6 57. Qb2 Qd5 58. Kd2 Bf2 59. Rc1 Bxd4 60. Qb3 Qg2+ 61. Kd3 Qe4+ 62. Kd2 Qxf4+ 63. Kd3 Qe3+ 0-1

[Event "London Classic op 4th"]
[Site "London"]
[Date "2012.12.07"]
[Round "7"]
[White "Britton, Richard"]
[Black "Hoegener, Claude"]
[Result "1-0"]
[WhiteElo "2233"]
[BlackElo "2037"]
[PlyCount "65"]
[EventDate "2012.12.01"]
[EventType "swiss"]
[EventRounds "9"]
[EventCountry "ENG"]
[SourceTitle "CBM 151 Extra"]
[Source "ChessBase"]
[SourceDate "2012.12.18"]
[SourceVersion "1"]
[SourceVersionDate "2012.12.18"]
[SourceQuality "1"]

1. e4 e6 2. d3 d5 3. Nd2 Nf6 4. Ngf3 Be7 5. g3 b6 6. e5 Nfd7 7. Bg2 Bb7 8. 0-0 c5 9. c4 d4 10. h4 Qc7 11. Re1 Nc6 12. Qe2 h6 13. h5 0-0-0 14. a3 g5 15. hxg6 fxg6 16. b4 cxb4 17. axb4 Bxb4 18. Ba3 Bxa3 19. Rxa3 Nc5 20. Ne4 Nxe4 21. Qxe4 Qf7 22. Qe2 h5 23. c5 Qe7 24. Rc1 Rd5 25. Ra2 b5 26. Nh4 Qg5 27. Qb2 Rd7 28. Rca1 Rhh7 29. Qxb5 Rc7 30. Rb2 Qxe5 31. Rxa7 Nd8 32. Nxg6 Qxc5 33. Bxb7+ 1-0

[Event "London Classic op 4th"]
[Site "London"]
[Date "2012.12.06"]
[Round "6"]
[White "Hoegener, Claude"]
[Black "Hajenius, Willem"]
[Result "1-0"]
[WhiteElo "2037"]
[BlackElo "1922"]
[PlyCount "61"]
[EventDate "2012.12.01"]
[EventType "swiss"]
[EventRounds "9"]
[EventCountry "ENG"]
[SourceTitle "CBM 151 Extra"]
[Source "ChessBase"]
[SourceDate "2012.12.18"]
[SourceVersion "1"]
[SourceVersionDate "2012.12.18"]
[SourceQuality "1"]

1. d4 f5 2. Nf3 Nf6 3. Bg5 g6 4. Nbd2 Bg7 5. c3 0-0 6. Bxf6 Bxf6 7. e4 fxe4 8. Nxe4 d5 9. Ng3 Nc6 10. Qc2 e5 11. dxe5 Nxe5 12. Nxe5 Bxe5 13. Bd3 Qg5 14. h4 Qh6 15. Ne2 Be6 16. g3 Rf3 17. Ng1 Rxg3 18. fxg3 Bxg3+ 19. Kd1 Bg4+ 20. Be2 Rf8 21. Nh3 Bxh3 22. Rxh3 Qe3 23. Qd3 Qg1+ 24. Kc2 Qxa1 25. Qxd5+ Kg7 26. Rxg3 Qe1 27. Qe5+ Kh6 28. h5 Rf5 29. Qe3+ g5 30. Qe6+ Kg7 31. h6+ 1-0

[Event "London Classic op 4th"]
[Site "London"]
[Date "2012.12.04"]
[Round "4"]
[White "Hoegener, Claude"]
[Black "Othman, Mustapha"]
[Result "1-0"]
[WhiteElo "2037"]
[BlackElo "1865"]
[PlyCount "149"]
[EventDate "2012.12.01"]
[EventType "swiss"]
[EventRounds "9"]
[EventCountry "ENG"]
[SourceTitle "CBM 151 Extra"]
[Source "ChessBase"]
[SourceDate "2012.12.18"]
[SourceVersion "1"]
[SourceVersionDate "2012.12.18"]
[SourceQuality "1"]

1. d4 d5 2. Nf3 Nf6 3. Bg5 h6 4. Bxf6 exf6 5. e3 Bd6 6. Bd3 Bg4 7. Nbd2 Nc6 8. c3 Ne7 9. Qc2 c6 10. h3 Be6 11. a3 a5 12. e4 a4 13. c4 0-0 14. exd5 cxd5 15. c5 Bf4 16. Nb1 Qd7 17. Nc3 Bf5 18. Bxf5 Nxf5 19. 0-0 g6 20. Qd3 Ra5 21. Rfe1 h5 22. Re2 h4 23. Nh2 Kg7 24. Rd1 Rd8 25. Ng4 Bc7 26. Rc2 b6 27. Ne2 bxc5 28. Rxc5 Rxc5 29. dxc5 d4 30. Kf1 Be5 31. Ne3 Ne7 32. Nc2 Nc6 33. Nb4 Qb7 34. f4 Bc7 35. Qe4 Na5 36. Qxb7 Nxb7 37. c6 Na5 38. Rxd4 Rxd4 39. Nxd4 Bxf4 40. Nb5 Nxc6 41. Nxc6 Bc1 42. Na5 Bxb2 43. Nc4 Ba1 44. Nb6 Kf8 45. Nxa4 Be5 46. Nb6 Ke8 47. a4 Bf4 48. a5 Be3 49. Nc4 Bc5 50. a6 Kd7 51. a7 Bxa7 52. Nxa7 Ke6 53. Ke2 Kd5 54. Kd3 f5 55. Nb5 g5 56. Ne3+ Ke5 57. Nd4 g4 58. Ndxf5 gxh3 59. gxh3 Kf4 60. Ke2 f6 61. Kf2 Kg5 62. Kf3 Kh5 63. Kf4 Kg6 64. Kg4 Kh7 65. Nxh4 f5+ 66. Nexf5 Kh8 67. Kg5 Kh7 68. Ng6 Kg8 69. Ng3 Kh7 70. Ne4 Kg7 71. h4 Kh7 72. h5 Kg7 73. h6+ Kg8 74. Nf6+ Kf7 75. h7 1-0

[Event "London Classic op 4th"]
[Site "London"]
[Date "2012.12.01"]
[Round "1"]
[White "Hoegener, Claude"]
[Black "Bartholomew, John"]
[Result "1/2-1/2"]
[WhiteElo "2037"]
[BlackElo "2427"]
[PlyCount "65"]
[EventDate "2012.12.01"]
[EventType "swiss"]
[EventRounds "9"]
[EventCountry "ENG"]
[SourceTitle "CBM 151 Extra"]
[Source "ChessBase"]
[SourceDate "2012.12.18"]
[SourceVersion "1"]
[SourceVersionDate "2012.12.18"]
[SourceQuality "1"]

1. d4 Nf6 2. Bg5 e6 3. Nd2 h6 4. Bf4 c5 5. c3 cxd4 6. cxd4 Nc6 7. e3 d5 8. Ngf3 Bd6 9. Bxd6 Qxd6 10. Be2 0-0 11. 0-0 Bd7 12. Rc1 Rfc8 13. Rc3 Rc7 14. Qb1 Rac8 15. Rfc1 a6 16. a3 Na7 17. Rxc7 Rxc7 18. Rxc7 Qxc7 19. h3 Bb5 20. Bxb5 Nxb5 21. Qd1 Nd6 22. Ne5 Nfe4 23. Nd3 Nxd2 24. Qxd2 Ne4 25. Qd1 Qc4 26. Ne5 Qc7 27. Nd3 Qc4 28. Ne5 Qc8 29. Nd3 b6 30. Qc1 Qc4 31. Qd1 g5 32. Ne5 Qc7 33. Qh5 1/2-1/2

[Event "London Classic op"]
[Site "London"]
[Date "2011.12.09"]
[Round "7"]
[White "Ethelontis, Alexandros N"]
[Black "Hoegener, Claude"]
[Result "1-0"]
[WhiteElo "2186"]
[BlackElo "2028"]
[PlyCount "51"]
[EventDate "2011.12.03"]
[EventType "swiss"]
[EventRounds "9"]
[EventCountry "ENG"]
[SourceTitle "CBM 145 Extra"]
[Source "ChessBase"]
[SourceDate "2012.01.03"]
[SourceVersion "1"]
[SourceVersionDate "2012.01.03"]
[SourceQuality "1"]

1. c4 e6 2. g3 d5 3. Bg2 Nf6 4. Nf3 Be7 5. 0-0 0-0 6. d4 dxc4 7. Na3 Bxa3 8. bxa3 c6 9. a4 a6 10. Ba3 Re8 11. Ne5 c3 12. Rc1 Nbd7 13. Nc4 Qc7 14. Rxc3 Nb6 15. e4 Nxc4 16. Rxc4 Qd7 17. Qc2 e5 18. dxe5 Rxe5 19. Rd1 Qg4 20. Bb2 Re8 21. e5 Bf5 22. Qc1 Qe2 23. exf6 Rad8 24. Rcd4 Rxd4 25. Bxd4 gxf6 26. Bxf6 1-0